| 000 | 01147nam a22003017a 4500 | ||
|---|---|---|---|
| 999 |
_c46857 _d46857 |
||
| 001 | 20506 | ||
| 003 | CO-MdFUSB | ||
| 005 | 20170721093644.0 | ||
| 008 | 160829t2012 xxuo|||f |||| 00| 0 eng d | ||
| 020 | _a978-0-8006-9798-3 | ||
| 040 |
_aCO-MdFUSB _bEspañol _cCO-MdFUSB _dCO-MdFUSB _erda |
||
| 041 | _aeng | ||
| 082 |
_224 _a221.6 _bZ61j |
||
| 100 | 1 |
_aZetterholm, Karin Hedner _dAutor |
|
| 245 | 1 | 0 |
_aJewish interpretation of the Bible _b : Ancient and contemporary _c/ Karin Hedner Zetterholm |
| 264 | 4 |
_aMinneapolis, Minnesota : _bFortress Press, _c©2012 |
|
| 300 | _axiii, 210 páginas | ||
| 336 |
_2rdacontent _a1 _ba1 |
||
| 337 |
_2rdamedia _a2 _b5 |
||
| 338 |
_2rdacarrier _a2 _b5 |
||
| 500 | _aIncluye bibliografía y índices | ||
| 501 | _aRústico | ||
| 505 | 0 | 0 | _aContinuidad y cambio en el judaísmo rabínico - Tradición en la fabricación - Interpretación bíblica rabínico - El carácter judío en el principio del movimiento de Jesús - Continuidad y cambio en el judaísmo contemporáneo |
| 653 | _aBible - Old Testament | ||
| 653 | _aBiblia - Antiguo Testamento | ||
| 942 | _cBK | ||